000 00397 a2200109 4500
001 ART_35431
005 20260410161646.0
008 260409a
245 1 0 _aLa búsqueda de la verdad material objetiva como fin de la inspección y del proceso de determinación fiscal
100 1 _aCaranta, Martín R.
773 0 _tConsultor tributario
_g- Año 9, Nº 107 (ene. 2016)
_wREV474
999 _c13775
_d13775